00341nam a22001217a 4500082002800000100001500028245006200043260004100105300001300146526003700159650000800196700001500204 a346.096bABBcL-32, P-3 aAbbas, K.B aThe negotiable instruments act (xxvi of 1881)cAbbas, K.B aLahorebAll Pakistan Legal Decisions av, 190.: a0b0c0d346_096000000000000_ABB aMCE aAbbas, K.B